Breaking Free - Lyrics Quiz - Statistics

General Stats
  • This quiz has been taken 106 times
  • The average score is 27 of 32
Answer Stats
Answer % Correct
We´re soarin´, {flyin}
100%
We´re soarin´ {flyin}
100%
We´re soarin´, {flyin}
100%
That we can´t {reach}
97%
That we can´t {reach}
97%
That we can´t {reach}
97%
There´s not a {star} in heaven
97%
There´s not a {star} in heaven
97%
There´s not a {star} in heaven
97%
If we´re {trying}
96%
If we´re {trying}
96%
If we´re {trying}
96%
Ohhh, {breaking} {free}
95%
Oh, we´re {breaking} {free}
95%
So {breaking} {free}
95%
We´re {breaking} {free}
95%
We´re {breaking} {free}
95%
Yeah we´re {breaking} {free}
95%
Yeah we´re {breaking} {free}
95%
You know {the} {world} can see us
88%
So everyone can {see}
81%
Can you {feel} it building
78%
In a way that´s {different} {than} {who} we are
74%
{Strength} to believe
71%
{Creating} space between us
70%
But your faith it gives me {strength}
68%
Connected by a {feeling}
66%
Like a wave {the} {ocean} just can´t control
64%
´Till we´re {separate} hearts
56%
Ohhh, in very {souls}
44%
{Rising} ´till it lifts up
44%
Very {souls} ooooh
44%
No matching quizzes found
Score Distribution
Percent of People with Each Score
Percentile by Number Answered
Your Score History
You have not taken this quiz